Las Fuerzas productivas y las relaciones de producción en la pequeña propiedad campesina /

Kaydedildi:
Detaylı Bibliyografya
Yazar: Roy Torrentes, Fernando
Kurumsal yazarlar: UNA, Facultad de Ciencias Sociales
Diğer Yazarlar: Mayorga Arguedas, Jorge Blanco Sáenz, Carlos
Materyal Türü: Metin
Baskı/Yayın Bilgisi: Heredia: UNA
Etiketler: Etiketle
Etiket eklenmemiş, İlk siz ekleyin!

MARC

LEADER 00000 a a2200000 04500
001 23226
003
040
090 |a 160700  
100 |a Roy Torrentes, Fernando  
110 |a UNA  
245 |a Las Fuerzas productivas y las relaciones de producción en la pequeña propiedad campesina /  |c UNA  
260 |a Heredia:   |b UNA  
300 |a 35 p  
700 |a Mayorga Arguedas, Jorge   |a Blanco Sáenz, Carlos  
710 |a Facultad de Ciencias Sociales  
999 |c 15451  |d 15451